| 000 | 01377nam a2200373 a 4500 | ||
|---|---|---|---|
| 001 | 000115221 | ||
| 003 | CHAP | ||
| 005 | 20220329144524.0 | ||
| 008 | 190110s2018 mx a sm |||||||spa d | ||
| 010 | _a111682 | ||
| 011 | _a112654 | ||
| 040 | _cCHAP | ||
| 090 | _aTesis | ||
| 100 | 1 |
_aCarmona Palma, Gaspar. _9136235 |
|
| 245 | 1 | 0 |
_aPrácticas de manejo agrónomico para aumentar la productividad de maíz y frijol en Guanajuato / _h[En línea] _cpor Gaspar Carmona Palma. |
| 260 |
_aChapingo, Méx. : _bEl autor, _c2018. |
||
| 500 | _aPara ver el contenido del material haga clic en la liga | ||
| 502 | _aTesis (Ing. Agr. Esp. en Fitotecnia) -- UACH. Departamento de Fitotecnia | ||
| 590 |
_aBATCH-UPD _b10 _c20190620 _lUCH01 _h1253 |
||
| 590 |
_aE11695DGD _b10 _c20190620 _lUCH01 _h1252 |
||
| 590 |
_aE8697GMM _b05 _c20190110 _lUCH01 _h0901 |
||
| 590 |
_aE8697GMM _b05 _c20190110 _lUCH01 _h0905 |
||
| 590 |
_aE8697GMM _b05 _c20190110 _lUCH01 _h1245 |
||
| 590 |
_aE8697GMM _b05 _c20190507 _lUCH01 _h1040 |
||
| 590 |
_aE8697GMM _b05 _c20190517 _lUCH01 _h1458 |
||
| 650 | 1 | 4 |
_aFrijol _xGuanajuato. _943388 |
| 650 | 1 | 4 |
_aMaíz _xGuanajuato. _970969 |
| 650 | 1 | 4 |
_aNitrógeno _xEfecto en frijol. _981436 |
| 650 | 1 | 4 |
_aNitrógeno _xEfecto en maíz. _981447 |
| 856 |
_aFinding aid _uhttp://10.13.5.2/tesis/sist115221.pdf _zTeclea aquí |
||
| 901 | _aBK | ||
| 942 | _cTESIS | ||
| 942 | _n0 | ||
| 999 |
_c111682 _d111682 |
||